Plats nationaux de pays 2 - Statistiques

Statistiques générales
  • Ce quiz a été pris 124 fois
  • Le résultat moyen est 3 sur 10
Statistiques - réponses
Pays Plats nationaux % Correct
Japon Sushi
82%
Algérie Couscous
76%
Corée du Sud Kimchi
38%
Portugal Morue
35%
Brésil Feijoada
10%
Ukraine Bortsch
8%
Mexique Mole
2%
Finlande Tarte aux myrtilles
2%
Grèce Souvlaki
1%
Égypte Foul
0%
Aucun quiz correspondant
Distribution des résultats
% des personnes avec chaque résultat
Percentile par nombre de réponses
Votre historique - résultats
Vous n’avez pas pris ce quiz